[Event "Titled Tue 10th Jun Late"]
[Site "chess.com INT"]
[Date "2025.06.10"]
[Round "7"]
[White "Huston, Gus"]
[Black "Davtyan, Artur"]
[Result "0-1"]
[WhiteTitle "IM"]
[BlackTitle "IM"]
[WhiteElo "2315"]
[BlackElo "2472"]
[WhiteFideId "30909090"]
[BlackFideId "13308327"]
[EventDate "2025.06.10"]

1. e4 e5 2. Nf3 Nc6 3. Bb5 a6 4. Ba4 Nf6 5. O-O Nxe4 6. d4 b5 7. Bb3 d5 8. dxe5
Be6 9. Be3 Bc5 10. Bxc5 Nxc5 11. Nbd2 O-O 12. c3 f6 13. exf6 Qxf6 14. Bc2 Rad8
15. Re1 Bf5 16. Nb3 Bxc2 17. Qxc2 Ne4 18. Rad1 h6 19. Nbd2 Ng5 20. Qd3 Kh8 21.
Re2 Ne6 22. g3 Nc5 23. Qe3 d4 24. cxd4 Nxd4 25. Nxd4 Qxd4 26. Qxd4 Rxd4 27. Rc1
Rd5 28. Nf1 Rf7 29. Ne3 Re5 30. Rd2 Ne4 31. Rd5 Rxd5 32. Nxd5 Rxf2 33. Nc3 Rxb2
34. Nxe4 Rxa2 35. Rxc7 b4 36. Rb7 a5 37. Rb5 Kh7 38. Nc5 a4 39. Rxb4 a3 40. Ra4
Rc2 41. Nd3 a2 42. Kf1 Rd2 43. Ne1 Rxh2 44. Ra3 Kg6 45. Kg1 Re2 46. Kf1 Rb2 47.
Ra4 Kf5 48. Kg1 Ke5 49. Kf1 Kd5 50. Kg1 Kc6 51. Kf1 Kb5 52. Ra8 Kc4 53. Kg1 Rd2
54. Kf1 Kb3 55. Rb8+ Ka3 56. Ra8+ Kb2 57. Rb8+ Kc1 58. Rc8+ Kb1 59. Rb8+ Rb2 60.
Rxb2+ Kxb2 61. Nd3+ Kb1 0-1

[Event "Titled Tue 10th Jun Late"]
[Site "chess.com INT"]
[Date "2025.06.10"]
[Round "7"]
[White "Krzywda, Andrzej"]
[Black "Hungaski, Robert"]
[Result "0-1"]
[WhiteTitle "CM"]
[BlackTitle "GM"]
[WhiteElo "2175"]
[BlackElo "2477"]
[WhiteFideId "1114565"]
[BlackFideId "2021030"]
[EventDate "2025.06.10"]

1. e4 e6 2. d4 d5 3. Nc3 Bb4 4. e5 c5 5. a3 Bxc3+ 6. bxc3 Nc6 7. Qg4 g6 8. h4
Qa5 9. Bd2 h6 10. h5 g5 11. f4 f5 12. Qg3 g4 13. dxc5 b6 14. cxb6 Ba6 15. Bxa6
Qxa6 16. bxa7 Nge7 17. Ne2 Rxa7 18. Qd3 Kd7 19. O-O Rha8 20. Rfb1 Qc4 21. Bc1
Ra4 22. g3 Kc8 23. Kg2 Kc7 24. Be3 Rxa3 25. Rxa3 Rxa3 26. Bb6+ Kd7 27. Qxc4 dxc4
28. Bc5 Ra2 29. Bxe7 Kxe7 30. Rb7+ Ke8 31. Rh7 Rxc2 32. Kf1 Ne7 33. Rxh6 Kf7 34.
Rf6+ Kg7 35. Rxe6 Nd5 36. Rc6 Kh7 37. Ke1 Ne3 38. Rc7+ Kh6 39. e6 Nd5 40. e7
Nxc7 41. Nd4 Rxc3 42. Nxf5+ Kh7 43. Kd2 Rd3+ 44. Kc2 Ne8 45. Nh4 Rxg3 46. f5 Rh3
47. Ng6 Rxh5 48. Nf4 Rxf5 49. Ne6 g3 50. Nd4 Rf2+ 51. Kc3 g2 52. Kxc4 g1=Q 53.
Ne6 Qc1+ 54. Kd5 Qd1+ 55. Ke5 Qe1+ 56. Kd5 Rd2+ 57. Nd4 Nf6+ 58. Kd6 Rxd4+ 59.
Kc7 Qc3+ 60. Kb8 Rb4+ 61. Ka8 Qa3# 0-1

[Event "Titled Tue 10th Jun Late"]
[Site "chess.com INT"]
[Date "2025.06.10"]
[Round "7"]
[White "Arabidze, Meri"]
[Black "Lira, Suan Bruno Fernandes"]
[Result "1-0"]
[WhiteTitle "IM"]
[WhiteElo "2440"]
[BlackElo "2163"]
[WhiteFideId "13604040"]
[BlackFideId "22794620"]
[EventDate "2025.06.10"]

1. d4 d5 2. c4 e6 3. Nc3 Nf6 4. cxd5 exd5 5. Bg5 c6 6. e3 h6 7. Bh4 Be7 8. Bd3
O-O 9. Nf3 Re8 10. Bg3 Bg4 11. Qc2 Nbd7 12. Nd2 a6 13. h3 Be6 14. Nf3 c5 15. O-O
c4 16. Bf5 Nf8 17. Ne5 Qc8 18. Bxe6 Nxe6 19. Bh4 Qd8 20. a4 Nc7 21. Rad1 b5 22.
Nc6 Qd6 23. Nxe7+ Qxe7 24. Qf5 Qe6 25. Qf4 Rec8 26. Bxf6 Qxf6 27. Qxf6 gxf6 28.
Rc1 f5 29. g3 Rab8 30. axb5 axb5 31. Ra1 b4 32. Na4 Ne6 33. h4 Rc6 34. Rfb1 Ra6
35. b3 c3 36. Kf1 Kg7 37. Ke2 Rc6 38. Kd3 Kf6 39. Kc2 h5 40. Rd1 f4 41. exf4 Kf5
42. Rd3 Ke4 43. Re1+ Kf5 44. Re5+ Kg4 45. Rxd5 f5 46. Re5 Ra6 47. d5 Rxa4 48.
bxa4 b3+ 49. Kxc3 b2 50. Rd1 Nc5 51. Rb1 Nxa4+ 52. Kc2 Rc8+ 53. Kd2 Rb8 54. d6
Kf3 55. Rxf5 Kxf2 56. Rxh5 Kxg3 57. f5 Kg4 58. Rg5+ Kxh4 59. Rg7 Rb3 60. Rh1+ 1-0

[Event "Titled Tue 10th Jun Late"]
[Site "chess.com INT"]
[Date "2025.06.10"]
[Round "7"]
[White "Estrada Nieto, Julian"]
[Black "Stankovic, Boris"]
[Result "0-1"]
[WhiteTitle "IM"]
[BlackTitle "FM"]
[WhiteElo "2181"]
[BlackElo "2298"]
[WhiteFideId "5101018"]
[BlackFideId "985317"]
[EventDate "2025.06.10"]

1. e4 c5 2. Nf3 d6 3. Bb5+ Bd7 4. Bxd7+ Qxd7 5. O-O Nc6 6. c3 Nf6 7. Qe2 e6 8.
d4 cxd4 9. cxd4 d5 10. e5 Ne4 11. Nbd2 Nxd2 12. Bxd2 Be7 13. g3 O-O 14. Kg2 f6
15. exf6 Bxf6 16. Bc3 Rae8 17. Rad1 Ne7 18. Bb4 Rf7 19. Bxe7 Qxe7 20. Ne5 Bxe5
21. Qxe5 Qb4 22. b3 Qa5 23. Qe2 Rc7 24. Rc1 Qb6 25. Qe3 Rec8 26. Rxc7 Rxc7 27.
Re1 Rc6 28. Qf4 h6 29. Re3 Qd8 30. h4 Qd6 31. Qg4 Qe7 32. Re5 Rd6 33. h5 Qf6 34.
Qe2 Rc6 35. Qd3 a6 36. f4 Qf7 37. Kh3 Qc7 38. Qg6 Qf7 39. Qd3 Qc7 40. Kg4 Qf7
41. Qe2 Qf6 42. Qd3 Qf7 43. Qg6 Qxg6+ 44. hxg6 Kf8 45. Kh5 Ke7 46. f5 Kf6 47. g4
Rd6 48. Kh4 Rc6 49. Kg3 exf5 50. gxf5 Rc1 51. Kg4 Rg1+ 52. Kf4 Rf1+ 53. Kg4 h5+
54. Kxh5 Rxf5+ 55. Rxf5+ Kxf5 56. b4 b6 57. a4 b5 58. a5 Kf6 59. Kg4 Kxg6 60.
Kf4 Kf6 61. Kg4 g5 62. Kh5 Kf5 63. Kh6 g4 64. Kg7 g3 65. Kf7 g2 66. Ke7 g1=Q 67.
Kd6 Qxd4 68. Kc6 Qxb4 69. Kb6 d4 70. Kxa6 d3 0-1

[Event "Titled Tue 10th Jun Late"]
[Site "chess.com INT"]
[Date "2025.06.10"]
[Round "7"]
[White "Olund, Joar"]
[Black "Durarbayli, Vasif"]
[Result "0-1"]
[WhiteTitle "FM"]
[BlackTitle "GM"]
[WhiteElo "2369"]
[BlackElo "2612"]
[WhiteFideId "1714848"]
[BlackFideId "13402935"]
[EventDate "2025.06.10"]

1. d4 Nf6 2. Bg5 e6 3. Nd2 d5 4. e4 dxe4 5. Nxe4 Nbd7 6. Nf3 Be7 7. Bxf6 Nxf6 8.
Nxf6+ Bxf6 9. c3 O-O 10. Bd3 c5 11. dxc5 Qc7 12. h4 Qxc5 13. Ng5 Rd8 14. Qh5
Qe5+ 15. Kf1 Bxg5 16. hxg5 Kf8 17. Re1 Qc5 18. Bxh7 Rd2 19. Qh4 Bd7 20. Be4 Rxb2
21. g6 Bb5+ 22. Kg1 Qxc3 23. Re3 Qf6 24. Qxf6 gxf6 25. Rh8+ Kg7 26. Rh7+ Kf8 27.
Rh8+ Kg7 28. Rxa8 f5 29. Bxb7 Kxg6 30. Bf3 Rxa2 31. g3 a6 32. Rb8 Ra1+ 33. Kh2
Ra2 34. Kg2 Kf6 35. Rb3 e5 36. Bd5 Rd2 37. Rb6+ Kg7 38. R3xb5 axb5 39. Rxb5 Kf6
40. Bc4 Rc2 41. Rb6+ Kg7 42. Bd5 Rc5 43. Bb3 f6 44. Rb7+ Kg6 45. f4 Rc3 46. Bf7+
Kh6 47. Be6 Kg6 48. Rb5 Re3 49. Rb8 exf4 50. Bd5 fxg3 51. Rb2 f4 52. Bf3 Kg5 53.
Rb8 Ra3 54. Rg8+ Kf5 55. Bg4+ Ke5 56. Re8+ Kd6 57. Re6+ Kd5 58. Rxf6 Ra2+ 59.
Kh3 Rh2# 0-1

[Event "Titled Tue 10th Jun Late"]
[Site "chess.com INT"]
[Date "2025.06.10"]
[Round "7"]
[White "Stojanovski, Sandi"]
[Black "Turcsanyi, Vince Gergo"]
[Result "1/2-1/2"]
[WhiteTitle "FM"]
[BlackTitle "FM"]
[WhiteElo "2169"]
[BlackElo "2312"]
[WhiteFideId "1403249"]
[BlackFideId "791784"]
[EventDate "2025.06.10"]

1. d3 d5 2. Nf3 Nf6 3. g3 c5 4. Bg2 Nc6 5. O-O h5 6. c4 d4 7. e3 Bg4 8. Qb3 Qd7
9. exd4 cxd4 10. Re1 e6 11. Bf4 O-O-O 12. Ne5 Nxe5 13. Bxe5 h4 14. Bxd4 hxg3 15.
hxg3 Bd6 16. Bxa7 Rh5 17. Nc3 Bh3 18. Na4 Bxg2 19. Nb6+ Kc7 20. Nd5+ exd5 21.
Kxg2 Qc6 22. cxd5 Rxd5 23. f3 Rc5 24. Bxc5 Bxc5 25. Rac1 b6 26. Qc3 Qd5 27. b4
Qxd3 28. Qxd3 Rxd3 29. bxc5 Rd2+ 30. Kf1 b5 31. Re2 Rd3 32. Kf2 Nd5 33. Rce1 Ra3
34. Rd2 Kc6 35. Red1 Nb4 36. Rd6+ Kxc5 37. Rd7 Rxa2+ 38. Kg1 Nc2 39. Rc1 Kb4 40.
Rxf7 Nd4 41. Rb1+ Kc3 42. Rc7+ Kd3 43. Rf1 Ne2+ 44. Kg2 Nf4+ 45. Kh1 Ne2 46. Rf2
Nxg3+ 47. Kg2 Ne2 48. Rd7+ Kc4 49. Rxg7 Nc1 50. Rxa2 Nxa2 51. Rg4+ Kb3 52. Rg5
Nc3 53. Rg8 b4 54. Rb8 Kc2 55. Kg3 b3 56. f4 Ne2+ 57. Kf3 Nxf4 58. Kxf4 b2 59.
Rc8+ Kd1 60. Rb8 Kc1 61. Rc8+ Kd1 62. Rd8+ Kc1 63. Rc8+ Kd1 1/2-1/2

[Event "Titled Tue 10th Jun Late"]
[Site "chess.com INT"]
[Date "2025.06.10"]
[Round "7"]
[White "Guerra Mendez, Jose Angel"]
[Black "Cigan, Jason"]
[Result "1-0"]
[WhiteTitle "GM"]
[WhiteElo "2478"]
[BlackElo "2123"]
[WhiteFideId "3508129"]
[BlackFideId "2064022"]
[EventDate "2025.06.10"]

1. e4 c5 2. Nf3 d6 3. Bb5+ Nd7 4. c3 Nf6 5. Qe2 a6 6. Ba4 b5 7. Bc2 Bb7 8. d4 g6
9. O-O Bg7 10. Re1 O-O 11. Nbd2 Qc7 12. Nf1 Rac8 13. Bd3 cxd4 14. cxd4 e5 15. b3
exd4 16. Bb2 Rfe8 17. Ng3 Nc5 18. Qc2 Nxd3 19. Qxd3 Nd7 20. Bxd4 Nc5 21. Qc2
Nxe4 22. Qb2 Bxd4 23. Qxd4 Qc5 24. Nxe4 Qxd4 25. Nxd4 Rxe4 26. Rxe4 Bxe4 27. f3
Bb7 28. Kf2 Kg7 29. Ke3 Re8+ 30. Kd3 Kf6 31. a4 b4 32. Rc1 Rc8 33. Rxc8 Bxc8 34.
Kc4 Ke5 35. Nc6+ Kf4 36. Kd4 Be6 37. Nxb4 Bxb3 38. a5 Kf5 39. Nxa6 Ba4 40. Nc7
Bc6 41. a6 g5 42. a7 h5 43. a8=Q Bxa8 44. Nxa8 g4 45. fxg4+ Kxg4 46. Nc7 h4 47.
Nd5 h3 48. Ne3+ Kf4 49. gxh3 f5 50. h4 d5 51. h5 Kg5 52. Kxd5 f4 53. Nf1 Kxh5
54. Ke4 Kh4 55. Kxf4 Kh5 56. Kf3 Kh6 57. Kg2 Kh5 58. Kg3 Kh6 59. h4 Kh5 60. Kh3
Kh6 61. Kg4 Kh7 62. h5 Kh6 63. Kh4 Kh7 64. Kg5 Kg7 65. Nh2 Kh7 66. Ng4 Kg7 67.
Nf6 Kh8 68. Ng4 Kg7 69. Ne5 Kh8 70. h6 Kh7 71. Kh5 Kh8 72. Kg6 Kg8 73. h7+ 1-0

[Event "Titled Tue 10th Jun Late"]
[Site "chess.com INT"]
[Date "2025.06.10"]
[Round "7"]
[White "Bazan Romero, Octavio Aaron"]
[Black "Khanbutaev, Artemii"]
[Result "1/2-1/2"]
[WhiteTitle "FM"]
[WhiteElo "2289"]
[BlackElo "2139"]
[WhiteFideId "20003943"]
[BlackFideId "55747175"]
[EventDate "2025.06.10"]

1. d4 Nf6 2. Nc3 d5 3. Bf4 c5 4. e3 Bg4 5. Be2 Bxe2 6. Ncxe2 Nc6 7. Nf3 e6 8. c3
Nh5 9. Be5 Bd6 10. Bxd6 Qxd6 11. Ng3 Nxg3 12. hxg3 h6 13. Qd3 O-O 14. g4 e5 15.
dxe5 Nxe5 16. Nxe5 Qxe5 17. O-O-O Rfd8 18. Rh5 Qe6 19. g5 Qg6 20. Qxg6 fxg6 21.
Rh4 Kh7 22. gxh6 gxh6 23. Rdh1 h5 24. g4 Rf8 25. R1h2 Rf6 26. gxh5 g5 27. Rg4
Kh6 28. Rhg2 Raf8 29. Rxg5 Rxf2 30. Rxf2 Rxf2 31. Rxd5 b6 32. Rd7 Re2 33. Rxa7
Rxe3 34. Rb7 Re6 35. Kc2 Kxh5 36. Rg7 Kh6 37. Rg2 Re4 38. Kd3 Ra4 39. a3 Kh7 40.
Re2 Kg7 41. Re6 b5 42. Rb6 Ra5 43. b4 Rxa3 44. Rxb5 cxb4 45. Rxb4 Kf6 46. Re4
Kf5 47. Re7 Kf6 48. Re2 Ra8 49. c4 Rc8 50. Kc3 Kf7 51. Re5 Kf6 52. Rd5 Ke6 53.
Kd4 Rh8 54. Kc5 Rc8+ 55. Kb4 Rh8 56. Rb5 Kd6 57. Rb6+ Kc7 58. Rg6 Rh5 59. c5 Rh1
60. Rg3 Rb1+ 61. Kc4 Rc1+ 62. Kd5 Rd1+ 63. Kc4 Rc1+ 64. Rc3 Rxc3+ 65. Kxc3 Kc6
66. Kc4 Kc7 67. Kb5 Kb7 68. c6+ Kc7 69. Kc5 Kc8 70. Kd6 Kd8 71. Kd5 Kc7 72. Kc5
Kc8 73. Kb6 Kb8 74. Ka6 Kc7 75. Kb5 Kc8 76. Kb6 Kb8 77. Kc5 Kc7 78. Kd5 Kc8 79.
Ke6 Kc7 80. Kd5 Kc8 81. Kd6 Kd8 82. Kc5 Kc7 83. Kb5 Kc8 84. Kb6 1/2-1/2

[Event "Titled Tue 10th Jun Late"]
[Site "chess.com INT"]
[Date "2025.06.10"]
[Round "7"]
[White "Brancaleoni, Maurizio"]
[Black "Pavlov, Nikolay"]
[Result "0-1"]
[WhiteTitle "FM"]
[BlackTitle "FM"]
[WhiteElo "2185"]
[BlackElo "2316"]
[WhiteFideId "803022"]
[BlackFideId "24141470"]
[EventDate "2025.06.10"]

1. Nf3 Nf6 2. c4 b6 3. g3 Bb7 4. Bg2 e6 5. O-O Be7 6. Nc3 O-O 7. b3 c5 8. d4
cxd4 9. Qxd4 Nc6 10. Qf4 d6 11. Rd1 Qb8 12. Ba3 Rd8 13. Rac1 a6 14. g4 h6 15. h4
d5 16. Qxb8 Raxb8 17. Bxe7 Nxe7 18. g5 hxg5 19. hxg5 Ne4 20. Nxe4 dxe4 21. Nd2
e3 22. fxe3 Ng6 23. Nf3 Kf8 24. Kf2 Ke7 25. Ke1 Rxd1+ 26. Kxd1 Rc8 27. Ne1 Bxg2
28. Nxg2 Rc5 29. Nf4 Nh4 30. g6 fxg6 31. b4 Rc8 32. Kd2 g5 33. Nd3 g4 34. Rg1
Rxc4 35. Nf4 Rxb4 36. Rxg4 Rb2+ 37. Kc3 Rxa2 38. Rxh4 g5 39. Rh7+ Kd6 40. Nd3
Rxe2 41. Kd4 g4 42. Ne5 Rd2+ 43. Ke4 Kc5 44. Nxg4 a5 45. Ne5 a4 46. Rc7+ Kb4 47.
Nd3+ Kb5 48. Rc3 Ka5 49. Ne5 b5 50. Nc6+ Kb6 51. Nd4 b4 52. Rc4 Rb2 53. Nxe6 a3
54. Nd4 a2 55. Rc6+ Kb7 56. Rc1 Rb1 57. Rc2 a1=Q 0-1

[Event "Titled Tue 10th Jun Late"]
[Site "chess.com INT"]
[Date "2025.06.10"]
[Round "7"]
[White "Hofstadler, Mario"]
[Black "Gomez Gonzales, Fabiana"]
[Result "1-0"]
[WhiteTitle "CM"]
[BlackTitle "WCM"]
[WhiteElo "2172"]
[BlackElo "1796"]
[WhiteFideId "1660497"]
[BlackFideId "3860191"]
[EventDate "2025.06.10"]

1. Nf3 Nf6 2. b3 g6 3. Bb2 Bg7 4. e3 O-O 5. Be2 d5 6. O-O c5 7. d3 Nc6 8. Nbd2
b6 9. Ne5 Nxe5 10. Bxe5 Bb7 11. c4 d4 12. e4 Qd7 13. f4 Ne8 14. Bxg7 Nxg7 15.
Bf3 f5 16. e5 Ne6 17. Bxb7 Qxb7 18. Qf3 Qxf3 19. Rxf3 a6 20. g3 Kf7 21. h3 Ke8
22. Raf1 h5 23. Rb1 Kd7 24. h4 Rfb8 25. Rf2 b5 26. Kf1 bxc4 27. Nxc4 Rb5 28.
Rfb2 Rab8 29. Ke2 Nc7 30. Kd2 Nd5 31. Re1 e6 32. Reb1 Nc3 33. Re1 a5 34. Na3 Rb4
35. Nb1 Nd5 36. Rc1 a4 37. Rxc5 axb3 38. axb3 Rxb3 39. Rxb3 Rxb3 40. Kc2 Rb4 41.
Ra5 Ne3+ 42. Kc1 Nf1 43. Ra7+ Kc6 44. Rg7 Nxg3 45. Rxg6 Ne2+ 46. Kc2 Nxf4 47.
Rg5 Kd5 48. Nd2 Rb8 49. Nc4 Rc8 50. Kd2 Ra8 51. Nb6+ Kc5 52. Nxa8 Kd5 53. Nb6+
Kxe5 54. Nc4+ Kd5 55. Nb6+ Kc6 56. Na4 Kd5 57. Nb2 e5 58. Rxf5 Ke6 59. Rxf4 exf4
60. Ke2 Kf5 61. Kf3 Ke5 62. Nc4+ Kf5 63. Nd2 Ke5 64. Ne4 Kf5 65. Nf2 Ke5 66. Nh3
Kf5 67. Nxf4 1-0

[Event "Titled Tue 10th Jun Late"]
[Site "chess.com INT"]
[Date "2025.06.10"]
[Round "7"]
[White "Carlsen, Magnus"]
[Black "Movahed, Sina"]
[Result "1-0"]
[WhiteTitle "GM"]
[BlackTitle "GM"]
[WhiteElo "2837"]
[BlackElo "2544"]
[WhiteFideId "1503014"]
[BlackFideId "42520835"]
[EventDate "2025.06.10"]

1. e4 c5 2. Nf3 e6 3. c3 Nc6 4. d4 cxd4 5. cxd4 d5 6. e5 Nge7 7. Bd3 Nf5 8. Bc2
Be7 9. Nc3 g5 10. g4 Nh4 11. Nxh4 gxh4 12. Be3 Bd7 13. a3 Rc8 14. O-O Na5 15.
Bc1 Nc4 16. Ne2 h5 17. gxh5 Rxh5 18. Kh1 Qb6 19. Rb1 Bb5 20. Bd3 Rh8 21. Rg1 Bc6
22. f4 Kd8 23. a4 Be8 24. f5 Kc7 25. fxe6 Kb8 26. exf7 Bxf7 27. b3 Bh5 28. bxc4
Bf3+ 29. Rg2 Qc6 30. cxd5 Qxd5 31. Kg1 Bxg2 32. Nf4 Qxd4+ 33. Kxg2 h3+ 34. Kh1
Rhg8 35. Bd2 Bc5 36. Qf1 Rcf8 37. Re1 Qb2 38. Qe2 Qd4 39. Nxh3 Qh4 40. Nf4 Rxf4
41. Bxf4 Qxf4 42. Rf1 Qd4 43. h3 Rg3 44. Bf5 Re3 45. Qg2 a6 46. e6 Qe5 47. Bg4
Rg3 48. Qd2 Bd6 49. Re1 Qc5 50. Qe2 Qc6+ 51. Qe4 Qc5 52. e7 Qf2 53. e8=Q+ Ka7
54. Qe3+ Rxe3 55. Qxe3+ 1-0

[Event "Titled Tue 10th Jun Late"]
[Site "chess.com INT"]
[Date "2025.06.10"]
[Round "7"]
[White "Mitrabha, Guha"]
[Black "Pakleza, Zbigniew"]
[Result "1/2-1/2"]
[WhiteTitle "GM"]
[BlackTitle "GM"]
[WhiteElo "2515"]
[BlackElo "2484"]
[WhiteFideId "5057000"]
[BlackFideId "1119290"]
[EventDate "2025.06.10"]

1. Nf3 d5 2. c4 d4 3. g3 Nc6 4. Bg2 e5 5. d3 Nf6 6. O-O a5 7. Bg5 Be7 8. Bxf6
Bxf6 9. Na3 O-O 10. Nc2 Re8 11. Nd2 Be7 12. b3 Bf5 13. a3 Qd7 14. Re1 h5 15. Qb1
h4 16. Qb2 hxg3 17. hxg3 Qd6 18. Ne4 Qh6 19. b4 axb4 20. axb4 Rxa1 21. Rxa1 Bxe4
22. Bxe4 Qd2 23. Qb3 Nxb4 24. Nxb4 Bxb4 25. Kg2 g6 26. Ra4 c5 27. Qa2 Qxa2 28.
Rxa2 Rb8 29. Ra7 b6 30. Bd5 Rf8 31. g4 Kg7 32. Rb7 Ba5 33. Kf3 Kf6 34. Ke4 Kg5
35. Bxf7 Kxg4 36. Kxe5 Kh3 37. f4 Kg3 38. Bxg6 Rxf4 39. Be4 Rf8 40. Bf3 Kf2 41.
Kd6 Ke3 42. Kc6 Rf6+ 43. Kb5 Kd2 44. Re7 Rh6 45. Rg7 Rf6 46. Rg5 Rf8 47. Rg2 Ke3
48. Rh2 Rg8 49. Ka4 Rf8 50. Rh1 Rxf3 51. exf3 Kxd3 52. Kb3 Ke2 53. Rh2+ Kxf3 54.
Kc2 Ke3 55. Rh3+ Ke2 56. Rd3 Bc3 57. Rh3 Bb4 58. Rb3 Ba5 59. Rh3 Bb4 60. Rb3 Ba5
61. Ra3 Bb4 62. Rd3 Ba5 63. Rh3 Bb4 1/2-1/2

[Event "Titled Tue 10th Jun Late"]
[Site "chess.com INT"]
[Date "2025.06.10"]
[Round "7"]
[White "Martinovici, Ilia"]
[Black "Gasparyan, Erik R."]
[Result "1-0"]
[WhiteTitle "IM"]
[BlackTitle "IM"]
[WhiteElo "2452"]
[BlackElo "2372"]
[WhiteFideId "13907034"]
[BlackFideId "13315730"]
[EventDate "2025.06.10"]

1. d4 Nf6 2. c4 b6 3. Nc3 Bb7 4. d5 e6 5. e4 Qe7 6. Be2 d6 7. Nf3 g6 8. O-O Bg7
9. Qa4+ Nbd7 10. dxe6 fxe6 11. e5 dxe5 12. Nxe5 O-O 13. Nxd7 Nxd7 14. Be3 Nc5
15. Qc2 Rad8 16. Rad1 a5 17. Rxd8 Rxd8 18. Rd1 Rxd1+ 19. Qxd1 Qd6 20. Qxd6 cxd6
21. Nb5 Bf8 22. a3 Kf7 23. b4 axb4 24. axb4 Nd7 25. Nc3 Be7 26. Na4 Bd8 27. f3
Bc6 28. b5 Bb7 29. Kf2 Nc5 30. Nxc5 bxc5 31. Bd3 Bb6 32. Bf4 Ke7 33. Ke2 d5 34.
Be5 Kd7 35. h4 Bc7 36. Bxc7 Kxc7 37. Ke3 Kd6 38. Kf4 e5+ 39. Kg5 e4 40. fxe4
dxe4 41. Be2 Ke5 42. Kh6 Kf4 43. Kxh7 Ke3 44. Bd1 Kd2 45. Bg4 e3 46. Kxg6 Kc3
47. h5 Kxc4 48. b6 Kb5 49. h6 Kxb6 50. Be2 Be4+ 51. Kf6 Kc6 52. g4 Kd5 53. g5 c4
54. g6 Bxg6 55. Kxg6 c3 56. h7 c2 57. h8=Q c1=Q 58. Qd8+ Ke5 59. Qe7+ Kd4 60.
Qb4+ Kd5 61. Bf3+ Ke5 62. Qe7+ Kf4 63. Qe4+ Kg3 64. Qg4+ Kf2 65. Qg2+ Ke1 66.
Qe2# 1-0

[Event "Titled Tue 10th Jun Late"]
[Site "chess.com INT"]
[Date "2025.06.10"]
[Round "7"]
[White "Garcia Hernandez, Rebeca"]
[Black "Norman, Kseniya"]
[Result "0-1"]
[WhiteTitle "WCM"]
[BlackTitle "WFM"]
[WhiteElo "1904"]
[BlackElo "2069"]
[WhiteFideId "5180872"]
[BlackFideId "13518780"]
[EventDate "2025.06.10"]

1. Nf3 Nf6 2. g3 g6 3. Bg2 Bg7 4. O-O O-O 5. d4 d6 6. b3 Nbd7 7. Bb2 e5 8. dxe5
Ng4 9. Nbd2 Ngxe5 10. Nxe5 Nxe5 11. Qc1 Re8 12. Nf3 Qe7 13. c4 Rb8 14. Bc3 Bg4
15. Nxe5 Bxe5 16. e3 Qf6 17. Bxe5 Qxe5 18. h3 Bf5 19. Qd2 Be4 20. Rad1 b5 21.
cxb5 Rxb5 22. Qd4 Bxg2 23. Qxe5 Rexe5 24. Kxg2 Ra5 25. Rd2 Rac5 26. Rfd1 Kf8 27.
h4 Ke7 28. b4 Rc4 29. a3 a5 30. Rd4 Rc3 31. R1d3 axb4 32. axb4 Rxd3 33. Rxd3 Re4
34. Rb3 Kd7 35. b5 Kc8 36. b6 c6 37. Kf3 d5 38. Ke2 Kb7 39. f3 Ra4 40. Kd3 Ra6
41. e4 Rxb6 42. Rc3 Rb5 43. exd5 Rxd5+ 44. Ke3 f5 45. g4 c5 46. gxf5 Rxf5 47.
Rc4 Kc6 48. f4 Kd5 49. Rc1 Rf7 50. Rd1+ Kc6 51. Rc1 Re7+ 52. Kd3 Kd5 53. Kd2 Kd4
54. Rc3 Re4 55. Rd3+ Kc4 56. Rc3+ Kb5 57. Rf3 c4 58. f5 Rxh4 59. fxg6 hxg6 60.
Rf6 Rg4 61. Kc2 Kb4 62. Rb6+ Kc5 63. Rf6 g5 64. Rf5+ Kd4 65. Rf7 Rg2+ 66. Kc1 g4
67. Rf4+ Kc3 68. Kd1 Rg1+ 69. Ke2 Kb3 70. Kd2 c3+ 71. Kd3 Rd1+ 72. Ke2 c2 73.
Rxg4 c1=Q 74. Rg3+ Kb2 0-1

[Event "Titled Tue 10th Jun Late"]
[Site "chess.com INT"]
[Date "2025.06.10"]
[Round "7"]
[White "Hernandez Bermudez, Ulises Eduardo"]
[Black "McDonald, Jhustice-Dimonte"]
[Result "1-0"]
[BlackTitle "CM"]
[WhiteElo "2042"]
[BlackElo "2032"]
[WhiteFideId "3902510"]
[BlackFideId "7402481"]
[EventDate "2025.06.10"]

1. e4 b6 2. d4 Bb7 3. Nc3 e6 4. Bd3 Bb4 5. Ne2 Nf6 6. Bd2 d5 7. e5 Bxc3 8. Nxc3
Nfd7 9. O-O a6 10. b4 c5 11. bxc5 bxc5 12. dxc5 Nxc5 13. Qg4 Kf8 14. Qb4 Qe7 15.
Rab1 Nc6 16. Qa3 Nxd3 17. Qxe7+ Nxe7 18. cxd3 Bc6 19. Rfc1 f6 20. f4 Kf7 21. Ne2
Rab8 22. Nd4 Bb5 23. Rc7 Rhc8 24. Rbc1 Rxc7 25. Rxc7 Rc8 26. Ra7 Bxd3 27. Bb4
fxe5 28. Rxe7+ Kf6 29. Rxe6+ Kf7 30. Re7+ Kg6 31. fxe5 Rc4 32. Re6+ Kf7 33. Re7+
Kg6 34. Ne6 Rxb4 35. Nxg7 Re4 36. e6 Bc4 37. Rd7 d4 38. e7 Bf7 39. e8=Q Bxe8 40.
Nxe8 Rxe8 41. Rxd4 Re6 42. Kf2 Rb6 43. a4 a5 44. Rd5 Rb2+ 45. Kf3 Rb3+ 46. Ke4
Rb4+ 47. Rd4 Rb2 48. Kf3 Rb3+ 49. Kg4 Rb4 50. Rxb4 axb4 51. a5 b3 52. a6 b2 53.
a7 b1=Q 54. a8=Q Qd1+ 55. Qf3 Qd4+ 56. Kg3 Qg1 57. Qe4+ Kg7 58. h4 h6 59. h5 Qc1
60. Qg6+ Kf8 61. Qf6+ Kg8 62. Qe6+ Kg7 63. Qe5+ Kf8 64. Qf4+ Qxf4+ 65. Kxf4 Kg7
66. Kf5 Kf7 67. g4 Kg7 68. Ke6 Kh7 69. Kf6 Kg8 70. Kg6 Kh8 71. Kxh6 1-0

[Event "Titled Tue 10th Jun Late"]
[Site "chess.com INT"]
[Date "2025.06.10"]
[Round "7"]
[White "Haszon, David"]
[Black "Asish Panda"]
[Result "0-1"]
[WhiteTitle "FM"]
[WhiteElo "2264"]
[BlackElo "1911"]
[WhiteFideId "733610"]
[BlackFideId "45012458"]
[EventDate "2025.06.10"]

1. e4 e6 2. d4 d5 3. Nd2 c5 4. Ngf3 cxd4 5. Nxd4 Nc6 6. Bb5 Bd7 7. Bxc6 bxc6 8.
O-O Bd6 9. c4 Ne7 10. exd5 cxd5 11. cxd5 Nxd5 12. Ne4 Be7 13. b3 O-O 14. Bb2 Rc8
15. Qd3 Nf6 16. Rfd1 Qb6 17. Nf5 exf5 18. Nxf6+ Bxf6 19. Bxf6 Bb5 20. Bd4 Bxd3
21. Bxb6 Bc2 22. Bxa7 Bxd1 23. Rxd1 Ra8 24. Bc5 Rfc8 25. b4 Rxa2 26. g3 f4 27.
gxf4 h6 28. Kg2 Rc2 29. Rd7 Rc4 30. Kg3 Rc6 31. Rd8+ Kh7 32. f5 Rf6 33. Rd5 Rc2
34. Re5 Rc3+ 35. Kg2 g6 36. fxg6+ Rxg6+ 37. Kf1 Rh3 38. b5 Rxh2 39. b6 Rh1+ 40.
Ke2 Rb1 41. Be3 Re6 42. Rf5 Kg6 43. Rf3 Rbxb6 44. Rg3+ Kh7 45. Rh3 Rb2+ 46. Kf3
Rb5 47. Rh4 Rf5+ 48. Ke2 h5 49. Ra4 Rg6 50. Ra8 Rg4 51. Ra6 h4 52. f3 Rg2+ 53.
Kf1 Rg3 54. Ke2 Rfxf3 55. Bf2 Rh3 56. Bxh4 Re3+ 57. Kf2 Rb3 58. Bf6 Rh2+ 59. Kg1
Rc2 60. Ra1 Rb6 61. Be5 Rbc6 62. Bb8 Rc1+ 63. Rxc1 Rxc1+ 64. Kg2 Kg6 65. Bf4 Rc4
66. Be3 Kf5 67. Ba7 Kg4 68. Bb8 f5 69. Kf2 f4 70. Ba7 Rc2+ 71. Kf1 Kf3 72. Ke1
Re2+ 73. Kf1 Ra2 74. Bd4 Ra4 75. Be5 Rb4 76. Ke1 Re4+ 77. Kf1 Rxe5 0-1